Top 10 najmniejludnych państw Afryki - Statystyki

Ogólne statystyki
  • Ten quiz został rozwiązany 278 razy
  • Średni wynik to 7 z 10
Statystyki odpowiedzi
Ludność Państwo % Poprawnych
93 920 Seszele
85%
808 080 Komory
83%
1 467 000 Eswatini
78%
1 356 000 Mauritius
78%
200 000 Wyspy Świętego Tomasza i Książęca
77%
865 267 Dżibuti
75%
560 000 Republika Zielonego Przylądka
74%
778 000 Gwinea Równikowa
65%
1 792 000 Gwinea Bissau
63%
1 772 000 Gabon
35%
Nie znaleziono quizów pasujących do podanych kryteriów
Rozkład punktacji
Procent ludzi z każdym wynikiem
Percentyl według liczby udzielonych odpowiedzi
Twoja historia wyników
Nie rozwiązałeś tego quizu